000 01538nam a2200421 i 4500
001 52503
003 KOSZ 005
005 20220325104103.0
008 061010s2006 pl f |000 0 pol d
040 _cKOSZ 005
_aKOSZ 005
_dKOSZ 005/HR
041 0 _apol
046 _k2006
080 _a625.7/.8
080 _a691
080 _a006.3/.8(438)"2001/..."
080 _a(083.1)
100 1 _aSybilski, Dariusz
_eAutor
245 1 0 _aZalecenia wykonywania cienkich warstw ścieralnych na gorąco (ZW-CWG 2006) /
_cDariusz Sybilski, Wojciech Bankowski, Robert Mularzuk ; Instytut Badawczy Drog I Mostów. Zakład Technologii Nawierzchni.
250 _aWyd. 2 uzup., zastępuje "I"-50 z 1995 r.
260 _aWarszawa :
_bInstytut Badawczy Dróg i Mostów,
_c2006.
300 _a14 s. ;
_c24 cm.
380 _aKsiążki
388 _a2001-
490 1 _aInformacje, Instrukcje / Instytut Badawczy Dróg i Mostów,
_x1231-0638 ;
_vz. 69
504 _aBibliogr.
648 7 _a2001-
650 9 _aDrogi asfaltowe
650 9 _aNormalizacja
651 _aPolska
655 _aInstrukcja
658 _aArchitektura i budownictwo
658 _aTransport i logistyka
700 1 _aBańkowski, Wojciech
_eAutor
700 1 _aMularzuk, Robert
_eAutor
830 0 _aInformacje, Instrukcje - Instytut Badawczy Dróg i Mostów
_vz. 69
856 _uhttp://koha.tu.koszalin.pl/cgi-bin/koha/opac-detail.pl?biblionumber=52503
_yKatalog online BPK
942 _cKS
_2UKD
999 _c52503
_d52503